Štúdium vlastností zvarových spojov hliníkových zliatin vyhotovených elektrónovým lúčom

Salvato in:
Dettagli Bibliografici
Autore principale: Skačan, Marek (Autore)
Altri autori: Šimeková, Beáta (Relatore della tesi)
Natura: Manoscritto Libro
Lingua:slovacco
Pubblicazione: 2017
Soggetti:
Accesso online:http://is.stuba.sk/zp/portal_zp.pl?podrobnosti=132198
Tags: Aggiungi Tag
Nessun Tag, puoi essere il primo ad aggiungerne!!

MARC

LEADER 00000ntm a22000003a 4500
001 stuzp62709
003 SK-STU
005 20170610210647.8
007 ta
008 150427s2015----xo-----f-mn---000-0-slo-d
040 |a STU  |b slo 
041 0 |a slo 
100 1 |a Skačan, Marek  |u 063000  |k Z4  |4 aut  |U MTF Materiálovotechnologická fakulta  |T MTF Ústav výrobných technológií  |X 9048  |U M3000  |Y 83  |7 9048 
242 0 1 |a Study of properties of welding joint of alluminium alloys made by an electron beam  |y eng 
245 1 0 |a Štúdium vlastností zvarových spojov hliníkových zliatin vyhotovených elektrónovým lúčom 
260 |c 2017 
650 4 |a preplátovaný spoj  |2 slo 
650 4 |a zváranie elektrónovým lúčom  |2 slo 
650 4 |a zvárací prúd  |2 slo 
650 4 |a electron beam welding  |2 eng 
650 4 |a welding current  |2 eng 
650 4 |a lapped joint  |2 eng 
700 1 |a Šimeková, Beáta  |u 063000  |k Z2  |4 ths  |U MTF Materiálovotechnologická fakulta  |T MTF Ústav výrobných technológií  |X 10058  |U M3000  |Y 83  |7 A000010058 
856 4 |u http://is.stuba.sk/zp/portal_zp.pl?podrobnosti=132198 
996 |c M* DP-13056  |l MMSKP  |s P  |a 0  |w stuzp62709_0001